Rodzaje Kompozycji w Malarstwie - Statystyki

Ogólne statystyki
  • Ten quiz został rozwiązany 63 razy
  • Średni wynik to 6 z 19
Statystyki odpowiedzi
Obrazkowy Odpowiedź % Poprawnych
Dynamiczna
91%
Otwarta
91%
Zamknięta
43%
Centralna
40%
Statyczna
40%
Diagonalna | Ukośna
34%
Wertykalna
34%
Horyzontalna
31%
Rytmiczna
31%
Symetryczna
31%
Ekspresyjna
26%
Spiralna
26%
Asymetryczna
17%
Rozproszona
17%
Dośrodkowa
14%
Odśrodkowa
14%
Prosta
9%
Złożona
9%
Zderytmizowana
3%
Nie znaleziono quizów pasujących do podanych kryteriów
Rozkład punktacji
Procent ludzi z każdym wynikiem
Percentyl według liczby udzielonych odpowiedzi
Twoja historia wyników
Nie rozwiązałeś tego quizu